| 000 | 00499nam a22001817a 4500 | ||
|---|---|---|---|
| 005 | 20230114122812.0 | ||
| 008 | 190911b xxu||||| |||| 00| 0 eng d | ||
| 020 | _a978-93-5164-530-6 | ||
| 041 | _aeng | ||
| 082 | _a615.1 | ||
| 100 |
_aKHANDELWAL, DR.K.R. AND SETHI, DR. VARUNDA _95088 |
||
| 245 | _aPRACTICAL PHARMACONOSY: TECHNIQUES AND EXPERIMENTS | ||
| 250 | _a3rd ed. 2019. | ||
| 260 |
_aPUNE _bNIRALI PRAKASHAN |
||
| 300 | _aA-N.3 p, | ||
| 650 |
_aPHARMACY _xB.PHARMA _97083 |
||
| 942 | _cBK | ||
| 999 |
_c5993 _d5991 |
||